MDQL
is popping MORE tags! Check the
thread
!
Quizzes
Events
Quiz Creation
Community
Videos
Private Events
Remove Ads
Sign In
Join for FREE
Feedback
Dark Mode
Quiz Categories
Sports
Geography
Music
Movies
Television
Just For Fun
Miscellaneous
History
Literature
Language
Science
Gaming
Entertainment
Religion
Holiday
For Kids
Quiz Lab
Recent
Popular Today
Quiz Kudos Today
Editor Picks
Curator Picks
Quizzes by...
Day
Popularity
Type
Ratings
Length
Year
Community
Subscriptions
Recent Discussions
Orange Saloon
Badges
Playlists
Quests
Create
Leaderboards
Showdown
Live 5
Trivia Bingo
Activity
Puzzle Library
Sporcle Events
Private Events
Virtual Trivia
Globe League
Become a Host
Pub Owners
SporcleCon
Opinionation
Our Games
Videos
Blog
Mobile Apps
Partnerships
Remove Ads and Go Orange
Feedback
Television
TV Characters
TV Show
Sitcom
Network
Friends
Reality Shows
Cast
South Park
Star Trek
The Simpsons
Doctor Who
Television
TV Characters
TV Show
Sitcom
Network
Friends
Reality Shows
Cast
South Park
Star Trek
The Simpsons
Doctor Who
Random Quiz
Search Sporcle
×
Quiz Lab
Quiz Lab
Television
Show
Type in answers that appear in a list
Type in answers that appear in a list
Classic
Best Score? Go Orange.
Animated TV Shows (you just might know) Stats
Can you name the animated TV shows from their characters?
By
Sqwerty
4m
18 Questions
312 Plays
312 Plays
312 Plays
Comments
Comments
Give Quiz Kudos
Give Quiz Kudos
-
- Ratings
hide this ad
Replay
Link that replays current quiz
Next Quiz
Link to next quiz in quiz playlist
You Got
0%
They Got
Avg Score
50%
Avg Friend Score
Upgrade to see
Score Distribution
Jump to the score distribution portion of the page
Score
0/18
Timer
04:00
0
Plays Today
Characters
Show
% Correct
Wilma, Betty and Dino
The Flintstones
83.3%
Tommy, Chuckie and Angelica
Rugrats
82.1%
Cyclops, Wolverine and Rogue
X-Men
77.9%
Patrick, Gary and Sandy
SpongeBob SquarePants
69.2%
Sally, Linus and Peppermint Patty
The Charlie Brown and Snoopy Show
69.2%
George, Jane and Judy
The Jetsons
64.4%
Ash, Misty and Brock
Pokémon
63.1%
Hank, Peggy and Bobby
King of the Hill
62.2%
Boo Boo, Ranger John and Snagglepuss
The Yogi Bear Show
60.6%
Characters
Show
% Correct
Penny, Brain and Dr Claw
Inspector Gadget
50.3%
Buster, Francine and Dora
Arthur
45.8%
Prince Adam, Cringer and Skeletor
He-Man and the Masters of the Universe
44.9%
Eliza, Debbie and Sir Nigel
The Wild Thornberrys
36.5%
Gruffi, Tummi and Cubbi
Gummi Bears
24%
Dougal, Brian and Zebedee
The Magic Roundabout
23.1%
Yasmin, Jade and Sasha
Bratz
22.8%
Spike, Tyke and Butch
Tom and Jerry
14.1%
Penfold, Colonel K and Greenback
Danger Mouse
10.6%
Quiz Playlist
Details
Report
Send in Message
Add To Playlist
Classic:
Type in answers that appear in a list
Last Updated: Feb 16, 2017
Quiz Scoreboard
CHALLENGE
Sign Up to Join the Scoreboard
Show All
Scores
Hide
Comments
May contain spoilers
Recently Published
1-10 Letter E Words III
by El_Dandy
Language
2m
Street Fighter Characters
by Artimus82
Gaming
60s
College Basketball Coaching Resumes
by pancakes188
Sports
9m
More to Explore
Quiz From the Vault
Featured Blog Post
Where Did the Easter Bunny Come From?
hide this ad
You Might Also Like...
Tags
Show Quiz
A-Z
Character
Children
Today's Top Quizzes in Television
Browse Television
hide this ad
Today's Top Quizzes in Show
Browse Show
Top Contributed Quizzes in Television
1
Survivor Journey Challenge
2
Adjectives in 80s TV Shows
3
5-to-1: The Simpsons Families
4
Adjectives in 00s TV Shows
5
5-to-1: Television Doctors
6
Adjectives in 10s TV Shows
7
7-to-1: TV Show Settings
8
5-to-1: Streaming Originals
9
Adjectives in 70s TV Shows
10
Survivor Seasons
Explore More
Trending Topics
Marvel
Anime
Harry Potter
NBA
Disney
Kpop
Crossword
WWE
Puzzle
Soccer
The Office
Country
Song
Pokémon
NFL
hide this ad
More By:
Sqwerty
Quiz
Plays
Rating
Category
Featured
Created
lowest Life expectancy by continent
5,046
4.58
Geography
Jul 24, 2010
3 letter speed blitz
2,201
3.84
Miscellaneous
Jun 29, 2010
Who buys Iran's oil?
1,152
4.69
Geography
Jan 23, 2012
Most Polluted Countries
804
2.80
Geography
Jun 27, 2010
Countries named after People
733
4.43
Miscellaneous
Aug 11, 2010
Go to Creator's Profile
Score Distribution
Quiz Creator Spotlight
Sqwerty
Follow
Send a Message
Quizzes Created
-
Created Quiz Play Count
-
More By This Creator
Popular Quizzes Today
1
Find the US States - No Outlines Minefield
2
Find the Countries of Europe - No Outlines Minefield
3
The Countries of the World
4
Find the US States
5
Risky Map Clicking: Biggest States A-Z
6
US States
7
Popular People in 1961
8
Movies - When Are They Set?
More Television Quizzes
JoJo's Bizarre Adventure Localized Stand Names [Part 5]
Quiz Lab
Trending Quizzes
Risky Map Clicking: Least Populous States A-Z
Billboard Blitz: Aretha Franklin
1-10 Letter G Words
Countries of the World: 200 Million BC
1-10 Letter F Words
Recently Updated
Leaping Animals
pecheneg
Reality TV Shows (A-Z)
bhenderson79
Rickey Henderson's Hall of Fame Teammates
pecheneg
Champions League XIs: Arsenal
pecheneg
Quick Pick: Celebrities in WWE's Hall of Fame
aduchscher
A-Z Keypad Blitz II
pecheneg
Multiple Oscar Actors
pecheneg
Mystery Phrase Blitz: Oscar 'Best Actors'
pecheneg
F. Scott Fitzgerald Novels
LTH
Pick 3 Villains
ddd62291
Trending Topics
Harry Potter
Anime
NBA
Marvel
Crossword
Disney
Kpop
Country
WWE
Song
Puzzle
NFL
Soccer
Pokémon
The Office
Your Account Isn't Verified!
In order to create a playlist on Sporcle, you need to verify the email address you used during registration. Go to your
Sporcle Settings
to finish the process.
Report this User
Report this user for behavior that violates our
Community Guidelines
.
Details:
Send Report
Go to the Sporcle.com Mobile Site →
Comments